[Event "GER-ch (Women)"]
[Site "Altenkirchen"]
[Date "2003.08.02"]
[Round "9"]
[White "Fuchs, Antje"]
[Black "Berglitz, Regina"]
[Result "1/2-1/2"]
[WhiteElo "2103"]
[BlackElo "2076"]
[PlyCount "43"]
[EventDate "2003.07.25"]
[EventType "swiss"]
[EventRounds "9"]
[EventCountry "GER"]
[SourceTitle "CBM 095 Extra"]
[Source "ChessBase"]
[SourceDate "2003.09.04"]
[SourceVersion "1"]
[SourceVersionDate "2003.09.04"]
[SourceQuality "1"]

1. e4 d5 2. exd5 Qxd5 3. Nc3 Qa5 4. d4 c6 5. Nf3 Nf6 6. Bc4 Bf5 7. Bd2 e6 8. Nd5 Qd8 9. Nxf6+ gxf6 10. Qe2 Nd7 11. 0-0-0 Qc7 12. Nh4 Bg6 13. g3 0-0-0 14. f4 f5 15. Bc3 Bg7 16. Nxg6 hxg6 17. Rd3 Nb6 18. Bb3 Nd5 19. Bd2 Kb8 20. Rd1 Rd7 21. c4 Nf6 22. Be3 1/2-1/2